特急「くろしお」の停車駅 - Statistics

General Stats
  • This quiz has been taken 112 times
  • The average score is 17 of 22
Answer Stats
停車駅 % Correct
新大阪
99%
大阪
98%
京都
97%
天王寺
96%
和歌山
96%
新宮
96%
御坊
89%
白浜
88%
串本
86%
日根野
85%
紀伊田辺
80%
紀伊勝浦
79%
海南
78%
和泉府中
71%
周参見
71%
湯浅
70%
太地
64%
和泉砂川
62%
箕島
62%
古座
59%
南部
55%
藤並
52%
No matching quizzes found
Score Distribution
Percent of People with Each Score
Percentile by Number Answered
Your Score History
You have not taken this quiz